000 00306nam a22001337a 4500
008 171005b xxu||||| |||| 00| 0 eng d
020 _a9780534358112
041 _aeng
080 _26TH
_a519.9
100 _a49
101 _aPSI
245 _aRESEARCH METHODS IN PSYCHOLOGY
_cELMES,D.G
942 _2udc
_cBK
999 _c31958
_d31958